000
00308nam a22001457a 4500
008
230117b ||||| |||| 00| 0 eng d
020
_a
9781933648507
041
_a
eng
080
_a
94
082
_a
94EDW
100
_a
28
101
_a
HISTORI
245
_a
THE WINTER WAR
_c
EDWARDS R
942
_2
udc
_c
BK
999
_c
59235
_d
59235